| 000 | 00678nam a2200229Ia 4500 | ||
|---|---|---|---|
| 003 | GCL | ||
| 008 | 140319s9999 xx 000 0 ara d | ||
| 040 |
_aGCL / _cGCL |
||
| 082 | 0 | 4 |
_a791.43 _bع ا |
| 100 | 1 | _aعلى ابوشادى | |
| 245 | 1 | 0 |
_aاحمد راشد عيون تعشق الحياة / _cعلى ابوشادى |
| 260 |
_a[S.N] : _bصندوق التنمية الثقافية |
||
| 300 | _a56 ص | ||
| 490 | _a | ||
| 650 | 0 | 4 | _aمصر |
| 650 | 0 | 4 | _aنقد |
| 650 | 0 | 4 | _aالافلام السينمائية |
| 650 | 0 | 4 | _aالسينما |
| 650 | 0 | 4 | _aالسينمائيون المصريون |
| 650 | 0 | 4 | _aالافلام التسجيلية |
| 942 |
_2ddc _cBK |
||
| 999 |
_c27573 _d27573 |
||